Normal view
MARC view
- भिरुड आणि इतर
Entry Personal Name
001 - CONTROL NUMBER
- control field: 31579
003 - CONTROL NUMBER IDENTIFIER
- control field: OSt
005 - DATE AND TIME OF LATEST TRANSACTION
- control field: 20220806094042.0
008 - FIXED-LENGTH DATA ELEMENTS
- fixed length control field: 220806|| aca||aabn | a|a d
040 ## - CATALOGING SOURCE
- Original cataloging agency: OSt
- Transcribing agency: OSt
100 ## - HEADING--PERSONAL NAME
- Personal name: भिरुड आणि इतर
670 ## - SOURCE DATA FOUND
- Source citation: Work cat.: (OSt)19760: भिरुड आणि इतर, विपणन विक्रयकला आणि प्रसिध्दी ३, 1992